Find the Countries of Europe Quiz Stats

 Plays Quiz Updated Jul 13, 2016

Also try: Find the US States
Challenge
Share
Tweet
Score 0/47 Timer 08:00
122 Plays Today
% Correct
Russia
87.9%
United Kingdom
87%
Italy
86.8%
France
86.1%
Spain
85.9%
Iceland
85.6%
Germany
85.1%
Ireland
85%
Portugal
84.6%
Greece
83.5%
Turkey
82.8%
Norway
81.9%
Sweden
81.5%
Poland
80.6%
Ukraine
80.1%
Finland
79.4%
Denmark
78.5%
Netherlands
77.1%
Belgium
75.2%
Switzerland
75.1%
Vatican City
72.5%
Cyprus
72.2%
Austria
71.8%
Luxembourg
70.8%
% Correct
Romania
70.4%
Estonia
70%
Czechia
68.4%
Belarus
68.3%
Latvia
68.2%
Lithuania
67.9%
Bosnia and Herzegovina
67.3%
Croatia
66.5%
Hungary
65.8%
Malta
64.4%
Andorra
64.3%
Slovakia
63.4%
San Marino
60.6%
Bulgaria
59.7%
Kosovo
59.4%
Albania
59.1%
Monaco
58.6%
Moldova
57.6%
Macedonia
57.2%
Serbia
56.8%
Slovenia
56.5%
Montenegro
55.7%
Liechtenstein
54%

You're not logged in!

Compare scores with friends on all Sporcle quizzes.
Join for Free
OR
Log In

You Might Also Like...

Show Comments

Extras

Top Quizzes Today


Score Distribution

Your Account Isn't Verified!

In order to create a playlist on Sporcle, you need to verify the email address you used during registration. Go to your Sporcle Settings to finish the process.

Report this User

Report this user for behavior that violates our Community Guidelines.

Details: